| 000 | 00356nam a22001217a 4500 | ||
|---|---|---|---|
| 082 | _a200 THE | ||
| 100 |
_aMARYAM BUTT _972711 |
||
| 245 | _aTH-SOF-0839-NOISE REMOVAL FROM ECG SIGNAL USING SSRLS ALGORITHM | ||
| 260 |
_aISLAMABAD _bNUST COLLEGE OF EME _c2013 |
||
| 650 | _aMS-ELECT-67 MSTHESIS | ||
| 700 |
_aADVISOR DR SYED TAHIR ZIADI _972712 |
||
| 942 | _cCF | ||
| 999 |
_c578705 _d578705 |
||